| 000 | 00644nam a22002057a 4500 | ||
|---|---|---|---|
| 005 | 20180503143801.0 | ||
| 010 | _aENG-122871 | ||
| 020 |
_a9789387432406 _c625.00 |
||
| 035 | _aEN-106403 | ||
| 037 | _bDBAD/PUB. | ||
| 082 | _a621.3 | ||
| 100 | _aSalivahanan, S. | ||
| 245 |
_aPeople's lingustic survey of india / _cby S. Salivahanan; R. Rengaraj [and] G.R. Venkatakrishnan |
||
| 260 |
_aNew Delhi _bTata McGraw Hill _c2018 |
||
| 270 |
_a7, West Patel Nagar _bNew Delhi _e110008 |
||
| 300 |
_av, 441p.) _c25cm(pbk) _bill. |
||
| 700 | _aRengaraj, R. | ||
| 700 | _aVenkatakrishnan, G.R. | ||
| 942 |
_2ddc _cEN _h621.3 _mSAL |
||
| 999 |
_c151851 _d151851 |
||